Central Library OPAC University of Rajshahi

Atlas of the textural patterns of granites, gneisses and associated rock types / (Record no. 21983)

MARC details
000 -LEADER
fixed length control field 00904nam a2200277 4500
001 - CONTROL NUMBER
control field 21983
003 - CONTROL NUMBER IDENTIFIER
rucl marc code BD-RjUL
005 - DATE AND TIME OF LATEST TRANSACTION
control field 20211209000743.0
008 - FIXED-LENGTH DATA ELEMENTS--GENERAL INFORMATION
fixed length control field 140306s1973 ne a b 001 0 eng
020 ## - INTERNATIONAL STANDARD BOOK NUMBER
International Standard Book Number 0444409777
035 ## - SYSTEM CONTROL NUMBER
System control number (BD-RjUL)22048
040 ## - CATALOGING SOURCE
Original cataloging agency DLC
Transcribing agency DLC
Modifying agency DLC
-- BD-RjUL
Language of cataloging eng
041 ## - LANGUAGE CODE
Language code of text/sound track or separate title eng
082 00 - DEWEY DECIMAL CLASSIFICATION NUMBER
Classification number 552.3
Author mark and year AUA 1973
100 1# - MAIN ENTRY--PERSONAL NAME
Personal name Augustithis, S. S.
9 (RLIN) 67886
245 10 - TITLE STATEMENT
Title Atlas of the textural patterns of granites, gneisses and associated rock types /
Statement of responsibility, etc. S. S. Augustithis.
260 ## - PUBLICATION, DISTRIBUTION, ETC. (IMPRINT)
Place of publication, distribution, etc. Amsterdam ;
-- New York :
Name of publisher, distributor, etc. Elsevier Scientific Pub. Co.,
Date of publication, distribution, etc. c1973.
300 ## - PHYSICAL DESCRIPTION
Pagination xi, 378 p. :
Illustrations ill. ;
Size 31 cm.
504 ## - BIBLIOGRAPHY, ETC. NOTE
Bibliography, etc Bibliography: p. [367]-373. and index.
650 #0 - SUBJECT ADDED ENTRY--TOPICAL TERM
Topical term or geographic name as entry element Granite
General subdivision Pictorial works.
9 (RLIN) 67887
Topical term or geographic name as entry element Gneiss
General subdivision Pictorial works.
9 (RLIN) 67888
Topical term or geographic name as entry element Petrofabric analysis
General subdivision Pictorial works.
9 (RLIN) 67889
942 ## - ADDED ENTRY ELEMENTS (KOHA)
Source of classification or shelving scheme Dewey Decimal Classification
Koha item type Books
Holdings
Lost status Source of classification or shelving scheme Damaged status Not for loan Collection code Permanent Location Current Location Shelving location Date acquired Source of acquisition Total Checkouts Full call number Date last seen Copy number Koha item type
  Dewey Decimal Classification   Added to bundle Non-fiction Central Library, University of Rajshahi Central Library, University of Rajshahi Reading Room 29/10/1980 Netherland   552.3 AUA 1973 06/03/2014 C-1 Books